[Event "GER-chT U10"]
[Site "Magdeburg"]
[Date "2016.12.28"]
[Round "3.1"]
[White "Hecker, Linus Maximin"]
[Black "Gohel, Fabian Franz"]
[Result "1-0"]
[WhiteElo "993"]
[BlackElo "882"]
[PlyCount "53"]
[EventDate "2016.12.27"]
[EventType "team-swiss"]
[EventRounds "7"]
[EventCountry "GER"]
[SourceTitle "EXT 2018"]
[Source "ChessBase"]
[SourceDate "2017.10.13"]
[SourceVersion "1"]
[SourceVersionDate "2017.10.13"]
[SourceQuality "1"]
[WhiteTeam "Duesseldorf SV"]
[BlackTeam "Berlin Nord Ost II"]
[WhiteTeamCountry "GER"]
[BlackTeamCountry "GER"]

1. e4 c5 2. Nf3 Nc6 3. Nc3 Nf6 4. Bb5 g6 5. d3 Bg7 6. 0-0 0-0 7. Bd2 a6 8. Ba4 b5 9. Bb3 Bb7 10. a3 Qc7 11. Be3 d6 12. d4 c4 13. Ba2 e5 14. b3 cxb3 15. Bxb3 exd4 16. Nxd4 Nxd4 17. Bxd4 Nxe4 18. Bxg7 Nxc3 19. Bxc3 Qxc3 20. Qxd6 Rad8 21. Qe7 Qc6 22. f3 Qd6 23. Qxb7 Rd7 24. Qe4 Qc5+ 25. Kh1 Rd4 26. Qe1 Re8 27. Qxe8+ 1-0